NURUN BEŞ DUYUSU (Record no. 722448)

MARC details
000 -LEADER
sabit uzunluktaki kontrol alanı 00239nam a2200097Ia 4500
001 - KONTROL NUMARASI
kontrol alanı 722448
005 - EN SON İŞLEMİN TARİH VE ZAMANI
kontrol alanı 20250826163311.0
008 - SABİT-UZUNLUKTA VERİ ÖĞELERİ--GENEL BİLGİ
sabit uzunluktaki kontrol alanı 250824s9999 xx 000 0 und d
245 #0 - ESER / YAZAR
ESER ADI NURUN BEŞ DUYUSU
Yazar Adı SULTAN VELED
260 ## - YAYIN, DAĞITIM, VB.
YAYIN EVİ HAYAT YAYINLARI
Holdings
Düşüm durumu Kayıp durumu Hasar Durumu Ödünç verilmez Ana kütüphane Geçerli Kütüphane Edinilen tarih Toplam ödünç verme sayısı Barkod Son görüntüleme tarihi Fiyatın geçerli olmaya başladığı tarih Koha materyal türü
        BORSA İSTANBUL ORTAOKULU BORSA İSTANBUL ORTAOKULU 24.08.2025   10311262 26.08.2025 26.08.2025 Books